Anales de la Academia Sevillana del Notariado (Registro nro. 159464)

Detalles MARC
000 -LEADER
fixed length control field 01283ny a22002773n 4500
008 - FIXED-LENGTH DATA ELEMENTS--GENERAL INFORMATION
fixed length control field 100806s2010 sp r 000 0|spa d
020 ## - INTERNATIONAL STANDARD BOOK NUMBER
International Standard Book Number 978849836736
035 ## -
-- 4985
040 ## - CATALOGING SOURCE
Original cataloging agency BUS
Modifying agency vLex
090 ## -
-- 957
-- 957
100 1# - MAIN ENTRY--PERSONAL NAME
Personal name Martínez Piñeiro, Eduardo
245 10 - TITLE STATEMENT
Title Anales de la Academia Sevillana del Notariado
Medium [Recurso electrónico]
Name of part/section of a work Tomo 17:
Remainder of title Conferencias del curso académico 2005-2006 /
Statement of responsibility, etc Eduardo Martínez Piñeiro, Guillermo J. Jiménez Sánchez
256 ## -
-- Servicio en línea
260 ## - PUBLICATION, DISTRIBUTION, ETC. (IMPRINT)
Place of publication, distribution, etc Sevilla :
Name of publisher, distributor, etc Academia Sevillana del Notariado,
Date of publication, distribution, etc 2009
506 1# - RESTRICTIONS ON ACCESS NOTE
Terms governing access Contenido solo disponible en los productos indicados
Authorized users vLex Global
-- vLex Global (Academic Edition, excluding Law Schools)
-- vLex Global (U.S. Academic Edition, Law Schools)
-- vLex Global (U.S. Academic Edition, excluding Law Schools)
-- vLex Global (Academic Edition, Law Schools)
650 04 - SUBJECT ADDED ENTRY--TOPICAL TERM
Topical term or geographic name as entry element Derecho civil
Geographic subdivision España
650 04 - SUBJECT ADDED ENTRY--TOPICAL TERM
Topical term or geographic name as entry element Derecho mercantil
Geographic subdivision España
650 04 - SUBJECT ADDED ENTRY--TOPICAL TERM
Topical term or geographic name as entry element Jurisdicción voluntaria
Geographic subdivision España
650 04 - SUBJECT ADDED ENTRY--TOPICAL TERM
Topical term or geographic name as entry element Notariado
Geographic subdivision España
700 1# - ADDED ENTRY--PERSONAL NAME
Personal name Jiménez Sánchez, Guillermo J.,
Relator term coaut.
710 2# - ADDED ENTRY--CORPORATE NAME
Corporate name or jurisdiction name as entry element Academia Sevillana del Notariado
740 0# -
-- vLex Libros (Servicios en línea)
856 40 - LOCALIZACIÓN Y ACCESO ELECTRÓNICO
Identificador Uniforme del Recurso (URI/URL) https://app.vlex.com/#/sources/4985
942 ## -
-- RAA
999 ## -
-- 159464
-- 159464

No hay ítems disponibles.


CONTACTO


NOSOTROS


SITIOS DE INTERES

coordinacion.biblioteca.biblioteca@unienlinea.mx Misión, Visión y Objetivos Bases de datos
Directorio Bibliotecas Digitales y Repositorios
Normatividad Revistas y artículos
Convenios interbibliotecarios
Boletines



Hecho en México. Universidad Insurgentes (UIN). Todos los derechos reservados 2024. Esta página y sus contenidos pueden ser reproducidos con fines no lucrativos, siempre y cuando no se mutile, se cite la fuente completa y su dirección electrónicas. De otra forma requiere permiso previo por escrito de la institución




2024 Copyright Universidad Insurgentes | www.bibliouin.com.mx